00515 2200193 4500001002100000008004100021035002000062245005900082100001900141260003100160300001300191020001800204084001400222082000800236650001600244990002100260990001900281990002100300INLIS000000000002219 ind  a0010-0724002219 a100 Tokoh Islam Terhebat Dalam SejarahcMuhammad Iqbal aMuhammad Iqbal bIntimedia & Ladang Pustaka a196 hlm. a979-3358-40-8 a297 MUH s a297 aAGAMA ISLAM aP29/CP/24/2219.2 aP29/CP/24/2219 aP29/CP/24/2219.3